[Event "4NCL 3 North pool B"]
[Site "Crewe, ENG ENG"]
[Date "2016.01.17"]
[Round "4.97"]
[White "Kay, Lee P"]
[Black "Bramson, Mike"]
[Result "1-0"]
[WhiteElo "2050"]
[BlackElo "1863"]
[PlyCount "97"]
[EventDate "2016.01.17"]
[WhiteTeam "Manchester Manticores 1"]
[BlackTeam "Bradford DCA Knights B"]

1. d4 d5 2. Bg5 h6 3. Bh4 c6 4. a3 Nd7 5. Nf3 Ngf6 6. e3 e6 7. Bd3 Be7 8. Nbd2
O-O 9. O-O Qc7 10. c3 Re8 11. Re1 b6 12. Qe2 Bb7 13. e4 dxe4 14. Nxe4 Nxe4 15.
Qxe4 Nf8 16. Bg3 Bd6 17. Bxd6 Qxd6 18. Ne5 Qc7 19. Qh4 Qe7 20. Qg3 Rad8 21. Re3
Nh7 22. Ng4 Kh8 23. Qf4 g5 24. Qe4 f5 25. Qe5+ Qg7 26. Nxh6 Qxe5 27. Nf7+ Kg7
28. Nxe5 c5 29. dxc5 bxc5 30. Bb5 Re7 31. Nc6 Bxc6 32. Bxc6 e5 33. Rae1 Rd2 34.
R3e2 Rxe2 35. Rxe2 Nf6 36. Kf1 Re6 37. Bb5 e4 38. a4 Ng4 39. f3 Nf6 40. fxe4
Nxe4 41. Bd3 Kf6 42. g4 Re5 43. gxf5 Nd6 44. Rxe5 Kxe5 45. b3 a5 46. Ke2 Nxf5
47. Bxf5 Kxf5 48. Kd3 Kf4 49. b4 1-0

[Event "4NCL 3 North pool B"]
[Site "Crewe, ENG ENG"]
[Date "2016.01.17"]
[Round "4.98"]
[White "Gardiner, Eric D"]
[Black "Duke, Michael"]
[Result "0-1"]
[WhiteElo "1942"]
[BlackElo "2050"]
[PlyCount "80"]
[EventDate "2016.01.17"]
[WhiteTeam "Bradford DCA Knights B"]
[BlackTeam "Manchester Manticores 1"]

1. d4 d5 2. c4 e6 3. cxd5 exd5 4. Nc3 c6 5. Qc2 Bd6 6. Nf3 Ne7 7. Bg5 f6 8. Bh4
Na6 9. e3 Nb4 10. Qd2 Nf5 11. Bg3 Nxg3 12. hxg3 a5 13. a3 Na6 14. Bd3 f5 15.
Qc2 Qf6 16. Na4 Bc7 17. Nc5 Nxc5 18. dxc5 g6 19. O-O-O h5 20. Rh4 Be6 21. Nd4
Bd7 22. Rdh1 Rf8 23. Nb3 Qe7 24. e4 dxe4 25. Bxe4 Qg5+ 26. f4 Qxg3 27. Bf3
O-O-O 28. Kb1 Rfe8 29. Nd4 Re1+ 30. Ka2 Rxh1 31. Rxh1 Qxf4 32. Rd1 Be8 33. Qc4
Be5 34. Qe6+ Bd7 35. Qc4 Bxd4 36. Rxd4 Qxd4 37. Qxd4 Be6+ 38. Bd5 Rxd5 39. Qf6
Rd6+ 40. Ka1 Rd1# 0-1

[Event "4NCL 3 North pool B"]
[Site "Crewe, ENG ENG"]
[Date "2016.01.17"]
[Round "4.99"]
[White "Hamer, Martyn"]
[Black "Slinger, Tony J"]
[Result "1-0"]
[WhiteElo "2072"]
[BlackElo "1915"]
[PlyCount "69"]
[EventDate "2016.01.17"]
[WhiteTeam "Manchester Manticores 1"]
[BlackTeam "Bradford DCA Knights B"]

1. Nf3 c5 2. c4 Nc6 3. d4 cxd4 4. Nxd4 Nf6 5. Nc3 g6 6. e4 d6 7. Be2 Bg7 8. Be3
O-O 9. O-O Bd7 10. Qd2 Nxd4 11. Bxd4 Bc6 12. f3 a5 13. Rac1 Nd7 14. Be3 Nc5 15.
Nd5 a4 16. Rfe1 Re8 17. Bf1 Qa5 18. Qf2 Bxd5 19. cxd5 Rec8 20. Rc2 b6 21. Rec1
Rf8 22. Bd4 Bxd4 23. Qxd4 b5 24. e5 b4 25. Rc4 Rab8 26. h4 Qb6 27. exd6 exd6
28. Kh1 h5 29. Qf4 Kg7 30. Re1 a3 31. b3 Rb7 32. g4 hxg4 33. fxg4 Qd8 34. g5
Re7 35. Qf6+ 1-0

[Event "4NCL 3 North pool B"]
[Site "Crewe, ENG ENG"]
[Date "2016.01.17"]
[Round "4.100"]
[White "Johnson, Paul A"]
[Black "Mulleady, Peter J"]
[Result "1/2-1/2"]
[WhiteElo "1872"]
[BlackElo "2065"]
[PlyCount "86"]
[EventDate "2016.01.17"]
[WhiteTeam "Bradford DCA Knights B"]
[BlackTeam "Manchester Manticores 1"]

1. d4 Nf6 2. Nf3 d5 3. c4 c6 4. Nc3 a6 5. cxd5 cxd5 6. Bf4 Nc6 7. e3 Bf5 8. Bd3
Bg6 9. h3 e6 10. O-O Be7 11. Rc1 O-O 12. Qe2 Qa5 13. a3 Rac8 14. Bxg6 hxg6 15.
Ng5 Nh5 16. Qf3 Qd8 17. h4 Na5 18. Rfe1 Nc4 19. Qe2 b5 20. g3 b4 21. axb4 Bxb4
22. Red1 a5 23. Na2 Nxf4 24. exf4 Rb8 25. Nxb4 Rxb4 26. Rc2 Qf6 27. Nf3 Rfb8
28. Ne5 Nxe5 29. fxe5 Qd8 30. Qd2 Qb6 31. Ra1 a4 32. Rac1 Qxd4 33. Qxd4 Rxd4
34. Rc8+ Rxc8 35. Rxc8+ Kh7 36. Rc7 Re4 37. f4 Re2 38. Rxf7 Rxb2 39. Ra7 Rb4
40. Ra6 Kg8 41. Rxe6 Kf7 42. Ra6 d4 43. Kf1 d3 1/2-1/2

[Event "4NCL 3 North pool B"]
[Site "Crewe, ENG ENG"]
[Date "2016.01.17"]
[Round "4.105"]
[White "Boswell, Jacob Connor"]
[Black "Hall, John"]
[Result "1/2-1/2"]
[WhiteElo "1787"]
[BlackElo "2058"]
[PlyCount "49"]
[EventDate "2016.01.17"]
[WhiteTeam "Cheddleton 3"]
[BlackTeam "Spirit of Atticus B"]

1. e4 c5 2. Nf3 Nc6 3. d4 cxd4 4. Nxd4 Nf6 5. Nc3 a6 6. Be3 e5 7. Nf3 d6 8. Bc4
Be7 9. Nd5 Nxd5 10. Bxd5 Be6 11. c4 Qd7 12. Bxe6 Qxe6 13. Qd5 Rc8 14. b3 O-O
15. O-O Qg6 16. Nd2 Rce8 17. a3 h6 18. f4 exf4 19. Bxf4 Qe6 20. Rae1 Qxd5 21.
exd5 Ne5 22. Re3 Bg5 23. Bxg5 hxg5 24. Rfe1 f6 25. h3 1/2-1/2

[Event "4NCL 3 North pool B"]
[Site "Crewe, ENG ENG"]
[Date "2016.01.17"]
[Round "4.106"]
[White "Powell, Lloyd"]
[Black "Armstrong, William G"]
[Result "1/2-1/2"]
[WhiteElo "2096"]
[BlackElo "1817"]
[PlyCount "42"]
[EventDate "2016.01.17"]
[WhiteTeam "Spirit of Atticus B"]
[BlackTeam "Cheddleton 3"]

1. d4 Nf6 2. c4 g6 3. Nc3 Bg7 4. e4 O-O 5. Be2 d6 6. Nf3 Nbd7 7. O-O e5 8. Re1
a5 9. Be3 Ng4 10. Bg5 f6 11. Bh4 h5 12. h3 Nh6 13. Qd2 Nf7 14. Rad1 Bh6 15. Qc2
Ng5 16. Nxg5 fxg5 17. Bg3 h4 18. Bh2 exd4 19. Nb5 Bg7 20. Bg4 Ne5 21. Bxc8 Qxc8
1/2-1/2

[Event "4NCL 3 North pool B"]
[Site "Crewe, ENG ENG"]
[Date "2016.01.17"]
[Round "4.107"]
[White "Taylor, John Paul"]
[Black "Johnson, Michael D"]
[Result "1/2-1/2"]
[WhiteElo "1844"]
[BlackElo "2036"]
[PlyCount "139"]
[EventDate "2016.01.17"]
[WhiteTeam "Cheddleton 3"]
[BlackTeam "Spirit of Atticus B"]

1. e4 e6 2. d4 d5 3. Nc3 Bb4 4. e5 c5 5. a3 Bxc3+ 6. bxc3 Qa5 7. Bd2 Qa4 8. Qb1
a6 9. Nf3 Nc6 10. Qb3 Qxb3 11. cxb3 Na5 12. Rb1 c4 13. b4 Nb3 14. Be3 a5 15.
Nd2 Nxd2 16. Bxd2 axb4 17. axb4 Ra2 18. g3 Ne7 19. Bh3 Bd7 20. Ke2 O-O 21. Ra1
Rfa8 22. Rxa2 Rxa2 23. Rb1 Ba4 24. Ke1 Bc2 25. Rc1 Bd3 26. Bg4 h6 27. Be2 Bh7
28. Bg4 Kf8 29. h4 Nc8 30. Be3 Bc2 31. Bd1 Bd3 32. Bd2 Ke7 33. Be2 Bh7 34. g4
Nb6 35. g5 hxg5 36. Bxg5+ Kd7 37. Bd1 Bd3 38. h5 Ra8 39. h6 gxh6 40. Bxh6 Rh8
41. Be3 Kc6 42. Ra1 Bc2 43. Kd2 Bxd1 44. Rxd1 Ra8 45. Rc1 Ra2+ 46. Rc2 Rxc2+
47. Kxc2 Na4 48. Bd2 Kd7 49. Bg5 b5 50. Bh4 Ke8 51. f3 Nb6 52. Kd2 Kf8 53. Ke3
Kg7 54. Bd8 Na4 55. Kd2 Nb2 56. Bh4 Kg6 57. Ke3 Kf5 58. Bg3 Nd3 59. Bh4 Nf4 60.
Bg3 Ng6 61. Kf2 f6 62. exf6 Kxf6 63. Ke3 Kf5 64. Bc7 Ne7 65. Be5 Nc6 66. Bg3
Ne7 67. Bd6 Ng8 68. Be5 Nh6 69. Bc7 Nf7 70. Bg3 1/2-1/2

[Event "4NCL 3 North pool B"]
[Site "Crewe, ENG ENG"]
[Date "2016.01.17"]
[Round "4.108"]
[White "Bimpson, Tom"]
[Black "Edwards, Roger J"]
[Result "1-0"]
[WhiteElo "2048"]
[BlackElo "1780"]
[PlyCount "137"]
[EventDate "2016.01.17"]
[WhiteTeam "Spirit of Atticus B"]
[BlackTeam "Cheddleton 3"]

1. d4 f5 2. Nc3 Nf6 3. Bf4 e6 4. e3 Be7 5. Qf3 O-O 6. h3 c6 7. g4 Qb6 8. O-O-O
Nd5 9. Nxd5 cxd5 10. gxf5 Rxf5 11. Bd3 Rf7 12. Qh5 g6 13. Bxg6 hxg6 14. Qxg6+
Kf8 15. Nf3 Nc6 16. Bh6+ Ke8 17. Ng5 Bxg5 18. Qg8+ Ke7 19. Bxg5+ Kd6 20. Qxf7
Na5 21. Bd8 Qxd8 22. Rd3 b5 23. Qf4+ Kc6 24. Kb1 Ba6 25. b3 b4 26. Rd2 Rc8 27.
h4 Kb7 28. Qd6 Nc6 29. h5 Qe7 30. Qxe7 Nxe7 31. h6 Rh8 32. f3 Nf5 33. Rdh2 Rh7
34. e4 dxe4 35. fxe4 Ng3 36. Rg1 Nxe4 37. Rg7 Nf6 38. Rxh7 Nxh7 39. Rg2 Kc7 40.
Rg7 Nf8 41. h7 Nxh7 42. Rxh7 Bb5 43. Kc1 Kd6 44. Rh5 a6 45. Kd2 Kc6 46. a4 Bf1
47. c3 bxc3+ 48. Kxc3 Bg2 49. Rc5+ Kb6 50. a5+ Kb7 51. Kb4 Bc6 52. Rg5 Kc7 53.
Kc5 Bb5 54. Rg7 Bc6 55. b4 Bb5 56. d5 exd5 57. Kxd5 Bc6+ 58. Ke5 Bb5 59. Rg6
Bc6 60. Rf6 Bb5 61. Kd4 Be2 62. Rf2 Bb5 63. Rc2+ Kb7 64. Ke5 Bc6 65. Kd6 Bb5
66. Rc7+ Kb8 67. Rxd7 Kc8 68. Rg7 Kb8 69. Kc5 1-0

[Event "4NCL 3 North pool B"]
[Site "Crewe, ENG ENG"]
[Date "2016.01.17"]
[Round "4.109"]
[White "Emmerton, Stephen J"]
[Black "Cooper, John G"]
[Result "1/2-1/2"]
[WhiteElo "1690"]
[BlackElo "1955"]
[PlyCount "109"]
[EventDate "2016.01.17"]
[WhiteTeam "Cheddleton 3"]
[BlackTeam "Spirit of Atticus B"]

1. Nf3 f5 2. d4 Nf6 3. c4 g6 4. Nc3 Bg7 5. g3 O-O 6. Bg2 d6 7. O-O c6 8. e3 Kh8
9. b4 Qc7 10. Bb2 e5 11. dxe5 dxe5 12. Rc1 Rd8 13. Qc2 Na6 14. a3 Be6 15. Ne2
Ne4 16. Rfd1 Rac8 17. Rxd8+ Rxd8 18. c5 Nb8 19. Nc3 Nxc3 20. Bxc3 Nd7 21. Rd1
Bd5 22. Ng5 Bg8 23. Nf3 Re8 24. Qd2 Bd5 25. Ng5 Nf6 26. Qb2 h6 27. Nf3 Ne4 28.
Nd2 Nxc3 29. Qxc3 e4 30. Qc2 Qf7 31. Bf1 b5 32. cxb6 axb6 33. Bc4 Rd8 34. Rc1
b5 35. Bxd5 Qxd5 36. Nb1 Rd6 37. Nc3 Qc4 38. Ne2 Qxc2 39. Rxc2 Kg8 40. Kf1 Kf7
41. Ke1 g5 42. Rd2 Ke6 43. Rxd6+ Kxd6 44. Kd2 Kd5 45. Kc2 Kc4 46. h3 Be5 47. g4
f4 48. Nc1 f3 49. Nb3 Bh2 50. Nd2+ Kd5 51. Kd1 Be5 52. Kc2 Bd6 53. Nb3 Bh2 54.
Kd1 Be5 55. Kc2 1/2-1/2

[Event "4NCL 3 North pool B"]
[Site "Crewe, ENG ENG"]
[Date "2016.01.17"]
[Round "4.110"]
[White "Miles, Richard"]
[Black "Blackburn, Jon"]
[Result "1/2-1/2"]
[WhiteElo "1951"]
[BlackElo "1720"]
[PlyCount "108"]
[EventDate "2016.01.17"]
[WhiteTeam "Spirit of Atticus B"]
[BlackTeam "Cheddleton 3"]

1. d4 d5 2. c4 e6 3. Nc3 Nf6 4. cxd5 Nxd5 5. Nf3 Be7 6. e4 Nxc3 7. bxc3 O-O 8.
Be2 b6 9. O-O Bb7 10. Qc2 c5 11. Be3 Qc7 12. Qb1 Ba6 13. Re1 c4 14. a4 Nc6 15.
Nd2 Na5 16. Bf3 Rab8 17. e5 Bb7 18. Be4 Bxe4 19. Qxe4 Nb3 20. Ra2 Nxd2 21. Bxd2
Rfe8 22. h4 Qd7 23. h5 f5 24. exf6 Bxf6 25. Bf4 Rbc8 26. Be5 Bxe5 27. Qxe5 Qd5
28. Rae2 Qxe5 29. Rxe5 Kf7 30. f4 Rcd8 31. a5 Rd5 32. axb6 axb6 33. Kf2 Re7 34.
g4 Rxe5 35. Rxe5 Rb7 36. Rb5 h6 37. Ke3 Ke7 38. Ke4 Kd6 39. g5 hxg5 40. fxg5
Kc6 41. Rb1 Rf7 42. h6 gxh6 43. gxh6 Rh7 44. Rh1 b5 45. Ke5 b4 46. cxb4 c3 47.
Kxe6 c2 48. d5+ Kb5 49. d6 Rxh6+ 50. Rxh6 c1=Q 51. Rh5+ Kxb4 52. d7 Qc6+ 53.
Ke7 Qe4+ 54. Kd8 Qa8+ 1/2-1/2

[Event "4NCL 3 North pool B"]
[Site "Crewe, ENG ENG"]
[Date "2016.01.17"]
[Round "4.115"]
[White "Flores, Marcial"]
[Black "McCarthy, Damian"]
[Result "1-0"]
[WhiteElo "2012"]
[BlackElo "1876"]
[PlyCount "81"]
[EventDate "2016.01.17"]
[WhiteTeam "Manchester Manticores 2"]
[BlackTeam "Bradford DCA Knights C"]

1. Nf3 c5 2. g3 Nc6 3. Bg2 g6 4. O-O Bg7 5. c4 e5 6. Nc3 Nge7 7. d3 O-O 8. e3
d6 9. h3 Rb8 10. a3 a6 11. Rb1 b5 12. cxb5 axb5 13. b4 cxb4 14. axb4 h6 15. Re1
f5 16. Bd2 Kh7 17. Ne2 e4 18. dxe4 fxe4 19. Nh2 d5 20. Bc3 Bxc3 21. Nxc3 Ne5
22. h4 Be6 23. h5 g5 24. Qc2 Kg8 25. Rbd1 Qb6 26. Nxd5 Bxd5 27. Rxd5 Nxd5 28.
Qxe4 Nxe3 29. Rxe3 Nc4 30. Qd5+ Kh8 31. Ng4 Nxe3 32. Qe5+ Kg8 33. fxe3 Rbd8 34.
Kh2 Rd2 35. Kh3 Rxg2 36. Qd5+ Kg7 37. Kxg2 Qa6 38. Qe5+ Kg8 39. e4 Qc6 40. Qe7
Rf7 41. Qxf7+ 1-0

[Event "4NCL 3 North pool B"]
[Site "Crewe, ENG ENG"]
[Date "2016.01.17"]
[Round "4.116"]
[White "Patrick, David A"]
[Black "Jayawarna, Nugith"]
[Result "0-1"]
[WhiteElo "1861"]
[BlackElo "1975"]
[PlyCount "90"]
[EventDate "2016.01.17"]
[WhiteTeam "Bradford DCA Knights C"]
[BlackTeam "Manchester Manticores 2"]

1. e4 c5 2. c3 Nf6 3. e5 Nd5 4. Nf3 e6 5. d4 cxd4 6. Nxd4 d6 7. exd6 Bxd6 8.
Bc4 Nb6 9. Bb3 Bc5 10. O-O Bxd4 11. cxd4 Nc6 12. Be3 Nd5 13. Nc3 Nxe3 14. fxe3
O-O 15. Bc2 Nb4 16. Bb1 Nd5 17. Nxd5 exd5 18. Qh5 g6 19. Qh6 Qe7 20. Bc2 Bd7
21. Rae1 Bb5 22. Rf4 Rac8 23. Rh4 f5 24. Bb1 Rc6 25. Rh3 Rfc8 26. e4 fxe4 27.
a4 Bc4 28. Rg3 Qf7 29. h4 Kh8 30. b3 Ba6 31. Qg5 Rf6 32. Qg4 Rf8 33. h5 gxh5
34. Qg5 Rf5 35. Qh6 Qf6 36. Qxf6+ R8xf6 37. Bc2 Rf1+ 38. Rxf1 Rxf1+ 39. Kh2 Rc1
40. Rc3 Bd3 41. Rc8+ Kg7 42. Rc7+ Kg6 43. Rxb7 Rxc2 44. Rxa7 e3 45. Re7 Be4 0-1

[Event "4NCL 3 North pool B"]
[Site "Crewe, ENG ENG"]
[Date "2016.01.17"]
[Round "4.117"]
[White "Reed, John"]
[Black "Braham, Peter"]
[Result "1-0"]
[WhiteElo "1997"]
[BlackElo "1847"]
[PlyCount "109"]
[EventDate "2016.01.17"]
[WhiteTeam "Manchester Manticores 2"]
[BlackTeam "Bradford DCA Knights C"]

1. d4 f5 2. Bg5 Nf6 3. Bxf6 exf6 4. e3 d5 5. Bd3 Be6 6. Qf3 g6 7. Nc3 c6 8. h4
h5 9. Nge2 Na6 10. a3 Bf7 11. O-O Nc7 12. Na4 Rb8 13. b3 b5 14. Nc5 Bxc5 15.
dxc5 Ne6 16. b4 O-O 17. c3 Qc7 18. Nd4 a5 19. Qe2 Nxd4 20. cxd4 a4 21. g3 Rfe8
22. Qd2 Kg7 23. Kg2 Qd7 24. Rae1 Be6 25. Bc2 f4 26. Kh2 Bh3 27. Qd3 Bf5 28. Qd2
Bxc2 29. Qxc2 fxe3 30. fxe3 Re4 31. Rf4 Rxf4 32. exf4 Re8 33. Qf2 f5 34. Re5
Rxe5 35. fxe5 Qe7 36. Qf4 Kh7 37. Qe3 Kg7 38. e6 f4 39. Qe5+ Kg8 40. Qb8+ Kg7
41. Qe5+ Kg8 42. Qd6 fxg3+ 43. Kxg3 Qe8 44. Kf4 Qf8+ 45. Qxf8+ Kxf8 46. Kg5 Ke7
47. Kxg6 Kxe6 48. Kxh5 Kf5 49. Kh6 Ke4 50. Kg6 Kxd4 51. h5 Kc4 52. h6 d4 53. h7
d3 54. h8=Q d2 55. Qa1 1-0

[Event "4NCL 3 North pool B"]
[Site "Crewe, ENG ENG"]
[Date "2016.01.17"]
[Round "4.118"]
[White "Procter, Colin S"]
[Black "Lyth, John D"]
[Result "1/2-1/2"]
[WhiteElo "1825"]
[BlackElo "1937"]
[PlyCount "33"]
[EventDate "2016.01.17"]
[WhiteTeam "Bradford DCA Knights C"]
[BlackTeam "Manchester Manticores 2"]

1. Nf3 d5 2. g3 Nc6 3. d4 Bf5 4. c4 e6 5. Bg2 Nf6 6. Ne5 Nxe5 7. dxe5 Ne4 8.
O-O c6 9. cxd5 exd5 10. Nd2 Nxd2 11. Bxd2 Be7 12. Bc3 O-O 13. e3 f6 14. Qb3 Qb6
15. Qa4 fxe5 16. Bxe5 Bf6 17. Qd4 1/2-1/2

[Event "4NCL 3 North pool B"]
[Site "Crewe, ENG ENG"]
[Date "2016.01.17"]
[Round "4.119"]
[White "Tyton, Adam"]
[Black "Winter, Kevin"]
[Result "1-0"]
[WhiteElo "1922"]
[BlackElo "1825"]
[PlyCount "107"]
[EventDate "2016.01.17"]
[WhiteTeam "Manchester Manticores 2"]
[BlackTeam "Bradford DCA Knights C"]

1. e4 d6 2. d4 Nf6 3. Nc3 Nbd7 4. Nf3 e5 5. Bc4 Be7 6. Bxf7+ Kxf7 7. Ng5+ Kg8
8. Ne6 Qe8 9. Nxc7 Qg6 10. Nxa8 Qxg2 11. Rf1 exd4 12. Qe2 Ne5 13. f3 Bh3 14.
Qxg2 Bxg2 15. Rf2 Bxf3 16. Bf4 Nfg4 17. Bxe5 Nxe5 18. Ne2 Bh4 19. Ng3 g6 20.
Nc7 Kg7 21. Ne6+ Kh6 22. Nxd4 Rf8 23. Kf1 Rf6 24. Nxf3 Nxf3 25. Kg2 Ne5 26.
Rxf6 Bxf6 27. Rd1 Nc4 28. Rd3 Bxb2 29. Rb3 Be5 30. Rxb7 Ne3+ 31. Kf3 Nxc2 32.
Rxa7 Nd4+ 33. Kg4 Nc2 34. a4 Ne3+ 35. Kf3 Nc4 36. a5 Bd4 37. Ra8 Ne5+ 38. Ke2
Bc5 39. Rc8 Kg5 40. a6 h5 41. Rxc5 dxc5 42. a7 h4 43. Nf1 Kf4 44. a8=Q c4 45.
Nd2 c3 46. Qf8+ Kg4 47. Qc8+ Kf4 48. Qxc3 g5 49. Qc7 Kg4 50. Qxe5 Kh3 51. Nf3
g4 52. Ng5+ Kg2 53. Qf4 g3 54. hxg3 1-0

[Event "4NCL 3 North pool B"]
[Site "Crewe, ENG ENG"]
[Date "2016.01.17"]
[Round "4.120"]
[White "Dean, Robert A"]
[Black "Coward, Neil"]
[Result "0-1"]
[WhiteElo "1824"]
[BlackElo "1952"]
[PlyCount "110"]
[EventDate "2016.01.17"]
[WhiteTeam "Bradford DCA Knights C"]
[BlackTeam "Manchester Manticores 2"]

1. e4 c5 2. f4 Nc6 3. Nf3 g6 4. Bc4 Bg7 5. O-O e6 6. Nc3 Nge7 7. d3 O-O 8. Qe1
d5 9. exd5 exd5 10. Bb3 Bg4 11. Ne5 Nxe5 12. fxe5 c4 13. Qh4 cxb3 14. Qxg4 bxc2
15. d4 Nf5 16. Rf4 Qa5 17. Bd2 Qb6 18. Nxd5 Qxb2 19. Rc1 Rad8 20. Nf6+ Bxf6 21.
exf6 Rxd4 22. Rxd4 Qxd4+ 23. Qxd4 Nxd4 24. Kf1 Rc8 25. Be3 Rc4 26. Kf2 Nc6 27.
Bd2 h5 28. g3 Ne5 29. Ke2 Ng4 30. Kd3 Rc6 31. Bc3 Nxh2 32. Rxc2 Ng4 33. Bd4
Rxc2 34. Kxc2 Kf8 35. Kd3 Ke8 36. Ke4 Kd7 37. Kd5 a6 38. a4 Nh6 39. Kc5 Nf5 40.
Be5 Ne3 41. Bf4 Nf5 42. Kb6 Kc8 43. Be5 Ne3 44. Bd4 Nf5 45. Be5 h4 46. gxh4
Nxh4 47. Bf4 Nf5 48. a5 Nd4 49. Bg5 Ne6 50. Bh4 Nf8 51. Kc5 g5 52. Be1 Nd7+ 53.
Kd6 Nxf6 54. Ke7 Ne4 55. Kxf7 g4 0-1

[Event "4NCL 3 North pool B"]
[Site "Crewe, ENG ENG"]
[Date "2016.01.17"]
[Round "4.125"]
[White "Allen, Keith"]
[Black "Berry, Neil"]
[Result "1/2-1/2"]
[WhiteElo "2228"]
[BlackElo "2362"]
[PlyCount "78"]
[EventDate "2016.01.17"]
[WhiteTeam "Manx Ravens"]
[BlackTeam "Alba"]

1. d4 Nf6 2. c4 e6 3. Nc3 Bb4 4. Qc2 O-O 5. a3 Bxc3+ 6. Qxc3 b6 7. Bg5 Bb7 8.
e3 d6 9. Ne2 Nbd7 10. Qc2 h6 11. Bh4 c5 12. Rd1 Qe7 13. Nc3 cxd4 14. Rxd4 Rfd8
15. f3 Ne5 16. Be2 Ng6 17. Bf2 e5 18. Rd1 d5 19. cxd5 Nxd5 20. Nxd5 Bxd5 21.
O-O e4 22. f4 Nf8 23. Rc1 Ne6 24. b4 a5 25. f5 Nf8 26. Be1 Nd7 27. Qc7 Qe5 28.
bxa5 Qxc7 29. Rxc7 bxa5 30. Bh4 Nf6 31. Bxf6 gxf6 32. Rd1 Bb3 33. Rdd7 Rxd7 34.
Rxd7 Rc8 35. Ra7 Rc1+ 36. Kf2 Rc2 37. Kf1 Rc1+ 38. Kf2 Rc2 39. Kf1 Rc1+ 1/2-1/2

[Event "4NCL 3 North pool B"]
[Site "Crewe, ENG ENG"]
[Date "2016.01.17"]
[Round "4.126"]
[White "Sreeves, Clement"]
[Black "Ottosen, David"]
[Result "1/2-1/2"]
[WhiteElo "2349"]
[BlackElo "2104"]
[PlyCount "118"]
[EventDate "2016.01.17"]
[WhiteTeam "Alba"]
[BlackTeam "Manx Ravens"]

1. c4 e5 2. g3 Nc6 3. Nc3 Bc5 4. Bg2 Nf6 5. Nf3 d6 6. O-O O-O 7. d3 h6 8. a3 a6
9. b4 Ba7 10. Bb2 Be6 11. Rc1 Qd7 12. e3 Bh3 13. d4 Bxg2 14. Kxg2 exd4 15. exd4
d5 16. Ne5 Qd6 17. c5 Qe6 18. Re1 Rfe8 19. Qd3 Rad8 20. Nf3 Qc8 21. Rxe8+ Rxe8
22. Nd1 Ne7 23. Ne3 c6 24. a4 Ne4 25. Ne5 f6 26. f3 Ng5 27. N5g4 Bb8 28. Bc3
Qc7 29. Re1 Qd7 30. Bd2 Rf8 31. Nf2 f5 32. Nf1 f4 33. g4 Rf6 34. h4 Nf7 35. Qe2
Kf8 36. Nd3 h5 37. Ne5 Nxe5 38. dxe5 Rg6 39. e6 Qe8 40. Kh3 hxg4+ 41. fxg4 Rf6
42. Nh2 Rh6 43. Nf3 Qg6 44. b5 axb5 45. axb5 Nf5 46. Qf2 Nxh4 47. Nxh4 Qf6 48.
bxc6 g5 49. Qf3 Rxh4+ 50. Kg2 bxc6 51. e7+ Ke8 52. Bc3 d4 53. Bxd4 Qh6 54. Bg7
Qg6 55. Qb3 f3+ 56. Kg1 Rh1+ 57. Kf2 Rh2+ 58. Kf1 Rh1+ 59. Kf2 Rh2+ 1/2-1/2

[Event "4NCL 3 North pool B"]
[Site "Crewe, ENG ENG"]
[Date "2016.01.17"]
[Round "4.127"]
[White "Fabri, Henrik"]
[Black "Findlay David John"]
[Result "1/2-1/2"]
[WhiteElo "2003"]
[BlackElo "2185"]
[PlyCount "43"]
[EventDate "2016.01.17"]
[WhiteTeam "Manx Ravens"]
[BlackTeam "Alba"]

1. e4 e5 2. Nf3 d6 3. d4 exd4 4. Nxd4 g6 5. Nc3 Bg7 6. h4 Nf6 7. Bg5 h6 8. Bf4
O-O 9. f3 Nc6 10. Nxc6 bxc6 11. Qd2 Kh7 12. Bc4 Nd7 13. O-O-O Ne5 14. Bxe5 Bxe5
15. f4 Bg7 16. f5 gxf5 17. exf5 Bxf5 18. Qf4 Be6 19. Qe4+ Kg8 20. Bd3 Re8 21.
Qh7+ Kf8 22. Rdf1 1/2-1/2

[Event "4NCL 3 North pool B"]
[Site "Crewe, ENG ENG"]
[Date "2016.01.17"]
[Round "4.128"]
[White "Edwards, Jonathan"]
[Black "Ormsby, Alan"]
[Result "1-0"]
[WhiteElo "2129"]
[BlackElo "1907"]
[PlyCount "55"]
[EventDate "2016.01.17"]
[WhiteTeam "Alba"]
[BlackTeam "Manx Ravens"]

1. e4 e6 2. Qe2 c5 3. Nf3 Nc6 4. g3 g6 5. Bg2 Bg7 6. O-O Nge7 7. c3 O-O 8. d3
d6 9. Nh4 b5 10. f4 Rb8 11. f5 f6 12. g4 g5 13. Nf3 e5 14. h4 h6 15. hxg5 hxg5
16. Nxg5 fxg5 17. Bxg5 Qe8 18. Nd2 Bf6 19. Be3 Ng6 20. g5 Nf4 21. Bxf4 exf4 22.
gxf6 Bxf5 23. Rxf4 Bg6 24. Raf1 Ne5 25. d4 Bh5 26. Qf2 cxd4 27. cxd4 Ng6 28.
f7+ 1-0

[Event "4NCL 3 North pool B"]
[Site "Crewe, ENG ENG"]
[Date "2016.01.17"]
[Round "4.129"]
[White "Woodard, Brian Robert"]
[Black "Olson, Hamish"]
[Result "0-1"]
[WhiteElo "1705"]
[BlackElo "2067"]
[PlyCount "84"]
[EventDate "2016.01.17"]
[WhiteTeam "Manx Ravens"]
[BlackTeam "Alba"]

1. d4 Nf6 2. Bf4 g6 3. h3 Bg7 4. Nf3 O-O 5. e3 d6 6. Be2 Nfd7 7. c3 e5 8. dxe5
dxe5 9. Bg3 Nc6 10. O-O f5 11. Bh4 Qe8 12. Bc4+ Kh8 13. Bg3 h6 14. Re1 a5 15.
Na3 Nb6 16. Bb5 Qe7 17. Nc4 Qc5 18. Nxb6 cxb6 19. Bxc6 bxc6 20. Qc2 g5 21. Rad1
Be6 22. a4 Rae8 23. Rd2 Kg8 24. Red1 Bd5 25. Bh2 Rf7 26. b3 f4 27. e4 Be6 28.
c4 Bf6 29. Kf1 h5 30. Bg1 b5 31. axb5 cxb5 32. Ne1 bxc4 33. f3 Qb5 34. bxc4
Bxc4+ 35. Nd3 Rd7 36. Ke1 a4 37. Nc5 Rxd2 38. Rxd2 Be7 39. Qb2 Qxb2 40. Rxb2 a3
41. Rb1 a2 42. Ra1 Rb8 0-1

[Event "4NCL 3 North pool B"]
[Site "Crewe, ENG ENG"]
[Date "2016.01.17"]
[Round "4.130"]
[White "Ridge, Michael"]
[Black "Miah, Zahed"]
[Result "0-1"]
[WhiteElo "1921"]
[BlackElo "1667"]
[PlyCount "114"]
[EventDate "2016.01.17"]
[WhiteTeam "Alba"]
[BlackTeam "Manx Ravens"]

1. c4 c5 2. Nf3 Nc6 3. g3 Nf6 4. Bg2 g6 5. Nc3 Bg7 6. d4 cxd4 7. Nxd4 O-O 8.
O-O a6 9. c5 Qc7 10. Bf4 e5 11. Nxc6 dxc6 12. Bg5 Be6 13. h3 h6 14. Be3 Rfd8
15. Qa4 Nd5 16. Bd2 Nxc3 17. Bxc3 Qe7 18. Qa3 Bc4 19. Rfe1 Rd7 20. b3 Bd5 21.
e4 Be6 22. Ba5 Bf8 23. Bb6 f5 24. b4 fxe4 25. Rxe4 Bf5 26. Re3 Bg7 27. Rae1 Rf8
28. Qb3+ Kh7 29. g4 Be6 30. Qc2 Rf4 31. Re4 Rd4 32. Rxf4 Rxf4 33. Re4 Qf7 34.
a3 Bd5 35. Rxf4 Qxf4 36. Qc3 e4 37. Qe3 Qe5 38. Qe1 Bf6 39. a4 Bh4 40. Ba5 Bg5
41. b5 axb5 42. Bc3 Qf4 43. axb5 cxb5 44. Bd4 Qd2 45. Qxd2 Bxd2 46. Bf1 b4 47.
Bb5 Bc3 48. Bxc3 bxc3 49. Ba4 Bc4 50. h4 g5 51. hxg5 hxg5 52. f3 Bd3 53. fxe4
Bxe4 54. Kf2 c2 55. Bxc2 Bxc2 56. Ke1 Kg7 57. Kd2 Ba4 0-1

[Event "4NCL 3 North pool B"]
[Site "Wakefield, ENG ENG"]
[Date "2016.02.14"]
[Round "6.95"]
[White "Barker, Arron"]
[Black "Jaunooby, Ali R"]
[Result "1/2-1/2"]
[WhiteElo "1870"]
[BlackElo "2170"]
[PlyCount "150"]
[EventDate "2016.02.14"]
[WhiteTeam "Manx Ravens"]
[BlackTeam "Manchester Manticores 1"]

1. b4 e5 2. Bb2 f6 3. a3 d5 4. d4 e4 5. e3 Be6 6. Nd2 c6 7. c4 f5 8. Rc1 Bd6 9.
g3 Nf6 10. Nh3 O-O 11. Nf4 Bf7 12. Ng2 Nbd7 13. Be2 g6 14. Nb3 dxc4 15. Bxc4
Bxc4 16. Rxc4 Nb6 17. Rc1 Nbd5 18. Nf4 Qe7 19. Nc5 a5 20. b5 Bxf4 21. gxf4 cxb5
22. Nb3 a4 23. Na1 b4 24. Nc2 b3 25. Nb4 Nxb4 26. axb4 a3 27. Qxb3+ Qf7 28.
Qxf7+ Rxf7 29. Ba1 Nd5 30. b5 Ra5 31. Rc5 Nb4 32. Kd2 Nd3 33. Rd5 Nxf2 34. Rc1
h6 35. h4 Kh7 36. h5 Nd3 37. Rc8 g5 38. fxg5 hxg5 39. Rdd8 Kh6 40. Rh8+ Rh7 41.
Bc3 Rxb5 42. d5 Rb2+ 43. Bxb2 axb2 44. Rxh7+ Kxh7 45. Rc7+ Kh6 46. Rxb7 Kxh5
47. d6 Ne5 48. Kc2 f4 49. exf4 Nc6 50. fxg5 Kxg5 51. Rxb2 Kf6 52. Rb6 Nd4+ 53.
Kc3 Nf5 54. Kc4 e3 55. Kc5 Ke6 56. Rb3 e2 57. Rb1 Nxd6 58. Re1 Ne4+ 59. Kd4 Ng3
60. Ke3 Kd5 61. Kf3 Nf5 62. Kxe2 Ke4 63. Ra1 Nd4+ 64. Kf2 Kd3 65. Ra3+ Ke4 66.
Re3+ Kd5 67. Re8 Nf5 68. Kf3 Nd4+ 69. Ke3 Ne6 70. Ra8 Nc5 71. Rd8+ Ke5 72. Rd4
Ne6 73. Rh4 Kd5 74. Ra4 Nc5 75. Rf4 Ke5 1/2-1/2